000 00274nam a22001217a 4500
999 _c153943
_d153943
082 _a
_b
100 _amascarenhas
245 _aPopulation education for quality of life/
_cby mascarenhas.
260 _a
_bOxford,
_c1982.
300 _a302p.
650 _a
942 _cBK